Criminals and victims
| 1. VerfasserIn: | |
|---|---|
| Medienart: | Druck Buch |
| Sprache: | Englisch |
| Veröffentlicht: |
Stanford, Calif.
Stanford Economics and Finance
c 2011
|
| In: | Jahr: 2011 |
| Online-Zugang: |
Inhaltsverzeichnis Inhaltsverzeichnis Klappentext Klappentext (Verlag) |
| Bestand in Tübingen: | In Tübingen vorhanden. UB: KB 20 A 5161 |
| Verfügbarkeit prüfen: | HBZ Gateway |
| Subito Bestelldienst: | Jetzt bestellen. |
| Schlagwörter: |
MARC
| LEADER | 00000cam a2200000 c 4500 | ||
|---|---|---|---|
| 001 | 640431216 | ||
| 003 | DE-627 | ||
| 005 | 20260206203908.0 | ||
| 007 | tu | ||
| 008 | 101123s2011 xxu||||| 00| ||eng c | ||
| 010 | |a 2010048410 | ||
| 016 | 7 | |a 015821795 |2 UK | |
| 020 | |a 9780804762526 |c cloth : alk. paper |9 978-0-8047-6252-6 | ||
| 020 | |a 080476252X |c (hbk.) £47.50 |9 0-8047-6252-X | ||
| 035 | |a (DE-627)640431216 | ||
| 035 | |a (DE-603)263927881 | ||
| 035 | |a (DE-576)346728169 | ||
| 035 | |a (DE-599)GBV640431216 | ||
| 035 | |a (OCoLC)745512737 | ||
| 035 | |a (OCoLC)746225038 | ||
| 035 | |a (OCoLC)747084679 | ||
| 040 | |a DE-627 |b ger |c DE-627 |e rakwb | ||
| 041 | |a eng | ||
| 044 | |c XD-US | ||
| 050 | 0 | |a HV6791 | |
| 072 | 7 | |a BUS044000 |2 bisacsh | |
| 082 | 0 | |a 364.973 |q LOC |2 22 | |
| 100 | 1 | |a Allen, W. David |d 1966-2024 |0 (DE-588)171656393 |0 (DE-627)061883735 |0 (DE-576)132433516 |4 aut | |
| 109 | |a Allen, W. David 1966-2024 |a Allen, W. D. 1966-2024 |a Allen, William David 1966-2024 | ||
| 245 | 1 | 0 | |a Criminals and victims |c W. David Allen |
| 264 | 1 | |a Stanford, Calif. |b Stanford Economics and Finance |c c 2011 | |
| 300 | |a XIII, 292 S. |c 24 cm | ||
| 336 | |a Text |b txt |2 rdacontent | ||
| 337 | |a ohne Hilfsmittel zu benutzen |b n |2 rdamedia | ||
| 338 | |a Band |b nc |2 rdacarrier | ||
| 500 | |a Includes bibliographical references (pages 277-286) and index | ||
| 505 | 8 | |a Who are criminals? : a review -- The planning of crime -- Violence and damages -- The destruction of evidence -- The recommission of crime: recidivism -- Who are victims? : a review -- Self-protection against crime victimization -- The decision to resist -- The decision to report -- Labor-market consequences of crime victimization. | |
| 505 | 8 | |a Literaturverz. S. 277 - 286 | |
| 650 | 7 | |8 1.1\x |a Kriminalitätsökonomik |0 (DE-627)09137300X |0 (DE-2867)11156-0 |2 stw | |
| 650 | 7 | |8 1.2\x |a Kriminalpolitik |0 (DE-627)091373018 |0 (DE-2867)19704-4 |2 stw | |
| 650 | 7 | |8 1.3\x |a Theorie |0 (DE-627)091394902 |0 (DE-2867)19073-6 |2 stw | |
| 650 | 7 | |8 1.4\x |a Usa |0 (DE-627)091396867 |0 (DE-2867)17829-1 |2 stw | |
| 650 | 0 | |a Crime |x Economic aspects |z United States | |
| 650 | 0 | |a Criminal Behavior |x Economic aspects |z United States | |
| 650 | 0 | |a Criminals |z United States | |
| 650 | 0 | |a Victims of crimes |z United States | |
| 650 | 0 | |a Crime |x Economic aspects |z United States | |
| 650 | 0 | |a Criminal Behavior |x Economic aspects |z United States | |
| 650 | 0 | |a Criminals |z United States | |
| 650 | 0 | |a Victims of crimes |z United States | |
| 650 | 0 | |a Crime & criminology |z USA |2 bicssc | |
| 650 | 0 | |a Crime |2 eflch | |
| 650 | 0 | 7 | |0 (DE-588)4165747-0 |0 (DE-627)105437891 |0 (DE-576)209897503 |a Krimineller |2 gnd |
| 650 | 0 | 7 | |0 (DE-588)4078782-5 |0 (DE-627)106076329 |0 (DE-576)20921001X |a Verbrechensopfer |2 gnd |
| 650 | 0 | 7 | |0 (DE-588)4079351-5 |0 (DE-627)10448361X |0 (DE-576)20921225X |a Wirtschaftstheorie |2 gnd |
| 651 | 7 | |0 (DE-588)4078704-7 |0 (DE-627)106076612 |0 (DE-576)209209682 |a Usa |2 gnd | |
| 653 | |a Crime |a Economic aspects |a United States | ||
| 653 | |a Criminal behavior |a Economic aspects |a United States | ||
| 653 | |a Criminals |a United States | ||
| 653 | |a Victims of crimes |a United States | ||
| 689 | 0 | 0 | |d s |0 (DE-588)4058881-6 |0 (DE-627)106145592 |0 (DE-576)209128313 |a Täter |2 gnd |
| 689 | 0 | 1 | |d s |0 (DE-588)4078782-5 |0 (DE-627)106076329 |0 (DE-576)20921001X |a Verbrechensopfer |2 gnd |
| 689 | 0 | 2 | |d s |0 (DE-588)4113448-5 |0 (DE-627)105829412 |0 (DE-576)209476567 |a Entscheidungsverhalten |2 gnd |
| 689 | 0 | 3 | |d s |0 (DE-588)4197971-0 |0 (DE-627)105192368 |0 (DE-576)210118822 |a Wirtschaftliches Verhalten |2 gnd |
| 689 | 0 | |5 (DE-627) | |
| 856 | 4 | 2 | |u https://swbplus.bsz-bw.de/bsz346728169inh.htm |m B:DE-576;DE-21 |q application/pdf |v 20110818113740 |x Verlag |3 Inhaltsverzeichnis |7 1 |
| 856 | 4 | 2 | |u https://swbplus.bsz-bw.de/bsz346728169kla.htm |m B:DE-576;DE-21 |q application/pdf |v 20110818113740 |x Verlag |3 Klappentext |7 1 |
| 856 | 4 | 2 | |u http://scans.hebis.de/HEBCGI/show.pl?26392788_toc.pdf |m V:DE-576;B:DE-21 |q application/pdf |3 Inhaltsverzeichnis |7 1 |
| 856 | 4 | 2 | |u http://scans.hebis.de/HEBCGI/show.pl?26392788_kla.pdf |m V:DE-576;B:DE-21 |q application/pdf |3 Klappentext |7 1 |
| 935 | |a MZUSA | ||
| 935 | |i Blocktest | ||
| 935 | |h HEB |i 0501 | ||
| 935 | |h HEB |i 0503 | ||
| 936 | s | n | |a m200 |2 mzub |
| 951 | |a BO | ||
| ELC | |b 1 | ||
| LOK | |0 000 xxxxxcx a22 zn 4500 | ||
| LOK | |0 001 3158703564 | ||
| LOK | |0 003 DE-627 | ||
| LOK | |0 004 640431216 | ||
| LOK | |0 005 20110811125642 | ||
| LOK | |0 008 110701||||||||||||||||ger||||||| | ||
| LOK | |0 040 |a DE-21 |c DE-627 |d DE-21 | ||
| LOK | |0 852 |a DE-21 | ||
| LOK | |0 852 1 |c KB 20 A 5161 |9 00 | ||
| LOK | |0 935 |a krim | ||
| LOK | |0 936ln |a k2.6 | ||
| LOK | |0 938 |a 1108 |f 34 | ||
| LOK | |0 939 |a 01-07-11 |b l01 | ||
| ORI | |a SA-MARC-krimdoka001.raw | ||
| SIG | |a UB: KB 20 A 5161 | ||
